00353nam a2200121Ia 4500008004100000100003500041245004200076260004500118300000900163650003400172942000800206999001700214190216s9999||||xx |||||||||||||| ||und|| a"Dhillon R, Dinesh , Singh Mj" 0aCombined Defence Services Examination b"Dhillian Publications, New Delhi"c1985 a328p aCombined Defence Service Exam cREF c35562d35562